Culture Générale - Série 734 - Statistiques

Statistiques générales
  • Ce quiz a été pris 278 fois
  • Le résultat moyen est 5 sur 10
Statistiques - réponses
Question Réponse % Correct
Complétez le titre du film réalisé en 1960 par Jean-Luc Godard, "A bout de ... souffle
95%
En quelle année François 1er a-t-il remporté la bataille de Marignan ? 1515
91%
Quel actrice est devenue une star mondiale, grâce au film "Basic Instinct" ? Sharon Stone
59%
Quel compositeur allemand, proche de Louis II de Bavière, a écrit le cycle d'opéra "L'Anneau du Nibelung" ? Richard Wagner
56%
Complétez le titre du roman d'Oscar Wilde, "Le portrait de ... Dorian Gray
54%
Quelle est la capitale de l'État américain de Géorgie ? Atlanta
50%
Dans le film "Le Père-Noël est une ordure", à quel personnage Madame Musquin "ne jette pas la pierre" ? Pierre
46%
À marée basse, quelle île est reliée au continent grâce au passage du Gois ? Noirmoutier
35%
Quel groupe pop australien, a connu le succès dans les années 1970, avec les tubes : "Jive Talkin'" et "You Should Be Dancing" ? Bee Gees
29%
L'union de deux êtres mal assortis est illustrée par l'expression : Le mariage de la carpe et du... lapin
18%
Aucun quiz correspondant
Distribution des résultats
% des personnes avec chaque résultat
Percentile par nombre de réponses
Votre historique - résultats
Vous n’avez pas pris ce quiz